| 000 | 00814nam a22002297a 4500 | ||
|---|---|---|---|
| 005 | 20100810112328.0 | ||
| 010 | _aENG-99263 | ||
| 020 |
_c125.00 _a9789350012048 |
||
| 035 | _aEN-82795 | ||
| 037 | _bDBAD/PUB | ||
| 082 | _a005.133 | ||
| 100 |
_aKarthikeyan. K. _910308 |
||
| 245 |
_aObject oriented programming using c ++ / _cby K. Karthikeyan |
||
| 260 |
_aPerambalur [Tamilnadu] _bMercury Publishers _c2009 |
||
| 270 |
_aGanesh Complex, _bPerambalur [Tamilnadu] _e621212 |
||
| 300 |
_a189p.: _c28cm (pbk) _bill |
||
| 500 | _aIncludes references | ||
| 650 |
_aComputer progamming _910309 |
||
| 700 | _910155 | ||
| 942 |
_2ddc _cEN _h005.133 _mKAR |
||
| 999 |
_c40730 _d40730 |
||